000 00645nam a2200265 a 4500
003 AR-BaBNM
005 20251128204438.0
008 082120s2002 ||||||||||||||000 | spa||
020 _a950-13-9020-9
040 _cAR-BaBNM
245 0 0 _aActividades de expresión plástica y manual
_n1
260 _aBuenos Aires
_bKapelusz
_c1971
300 _a110 p.
_bgráfs., il.
490 0 _aCómo hacer
650 4 _aARTE
650 4 _aARTESANIAS
650 4 _aEDUCACION ARTISTICA
650 4 _aEDUCACION ESTETICA
650 4 _aMETALES
650 4 _aPINTURA
650 4 _aTEXTILES
653 _aMANUALIDADES
942 _cBK
998 _cMAU
999 _c7451
_d7451